|
|
|
|
| LEADER |
01175cas a2200205 a 4500 |
| 001 |
AALejournalJSTOR003539 |
| 008 |
230228c9999 xx r poo 0 0eng d |
| 022 |
|
|
|a 0334-4657
|
| 040 |
|
|
|a BD-DhAAL
|c BD-DhAAL
|
| 245 |
0 |
0 |
|h [electronic resource]
|a Cathedra: For the History of Eretz Israel and Its Yishuv / קת×"ר×": לתול×"ות ×רץ ישר×ל ויישו×'×"
|
| 260 |
|
|
|b Yad Izhak Ben Zvi / ×™×" יצ×-×§ ×'ן-צ×'×™
|
| 300 |
|
|
|a 1 online resource
|
| 362 |
0 |
|
|a no. 1
|
| 500 |
|
|
|a <strong>Off-Campus Access:</strong> Athens ID and Password Required
|
| 500 |
|
|
|a <strong>On-Campus Access:</strong> No User ID or Password Required
|
| 506 |
|
|
|a Electronic access restricted to authorized BRAC University faculty, staff and students
|
| 538 |
|
|
|a Mode of access: Internet
|
| 650 |
|
4 |
|a Archaeology ; Area Studies ; History ; Jewish Studies ; Social Sciences
|
| 856 |
4 |
0 |
|z Full text available on JSTOR[1976-09-01 - 2013-12-01]
|u https://www.jstor.org/journal/cathedra
|
| 856 |
4 |
0 |
|z Off-campus access
|u https://go.openathens.net/redirector/bracu.ac.bd?url=https%3A%2F%2Fwww.jstor.org%2Fjournal%2Fcathedra
|